00363nam a2200109Ia 4500008004100000082000800041100001500049245007100064942000600135952009700141999001500238240331s9999 xx 000 0 und d bPOO aPoonacha,V 0aFrom the land of thousand hills :bportraits of three kodagu women cL 001040708LaWERCLbWERCLcSSCd2024-03-31l0o 305.4 POOp5689r2024-03-31w2024-03-31yL c1689d1689